| 000 | 00655nam a22002297a 4500 | ||
|---|---|---|---|
| 005 | 20220425094902.0 | ||
| 008 | 220425b ||||| |||| 00| 0 eng d | ||
| 020 | _a9789743931437 | ||
| 040 | _cAloy | ||
| 041 | _aeng | ||
| 082 |
_223 _a330 _bMIZM |
||
| 100 |
_aMizzima News Agency _931427 |
||
| 245 | _aMizzima: On the road to media freedom in a better Burma | ||
| 260 |
_aNew Delhi _bMizzima News Agency _c2008 |
||
| 300 |
_a98 p. _bPB _c21x15 cm |
||
| 365 | _2Economics | ||
| 650 |
_aEconomics _931428 |
||
| 650 |
_aOpinion Poll _931429 |
||
| 650 |
_aStuggles of Mizzima Staff _931430 |
||
| 700 |
_aMIZZIMA NEWS AGENCY _931431 |
||
| 942 |
_2ddc _cGF |
||
| 999 |
_c222591 _d222591 |
||